Comprender y transformar la enseñanza (Registro nro. 4730)

Detalles MARC
000 -LEADER
fixed length control field 01757 a2200229 4500
001 - CONTROL NUMBER
control field 48793
005 - DATE AND TIME OF LATEST TRANSACTION
control field 20260407155754.0
008 - FIXED-LENGTH DATA ELEMENTS--GENERAL INFORMATION
fixed length control field 260407a1997 arg spa d
003 - CONTROL NUMBER IDENTIFIER
control field AR-UNSa-BCEJYS
040 ## - CATALOGING SOURCE
Original cataloging agency AR-UNSa-BCEJYS
Language of cataloging spa
Transcribing agency AR-UNSa-BCEJYS
080 ## - UNIVERSAL DECIMAL CLASSIFICATION NUMBER
Universal Decimal Classification number 37.02
Common auxiliary subdivision Cuestiones generales de didáctica y metodología
020 ## - INTERNATIONAL STANDARD BOOK NUMBER
International Standard Book Number 84-7112-373-8
100 1# - MAIN ENTRY--PERSONAL NAME
Personal name Gimeno Sacristán, José
245 10 - TITLE STATEMENT
Title Comprender y transformar la enseñanza
250 ## - EDITION STATEMENT
Edition statement 6a.ed.
264 #1 - PRODUCTION, PUBLICATION, DISTRIBUTION, MANUFACTURE, AND COPYRIGHT NOTICE
Place of production, publication, distribution, manufacture Madrid :
Name of producer, publisher, distributor, manufacturer Ediciones Morata
Date of production, publication, distribution, manufacture, or copyright notice 1997
300 ## - PHYSICAL DESCRIPTION
Extent 448 p.
Dimensions 24 cm.
505 ## - FORMATTED CONTENTS NOTE
Formatted contents note 1. Las funciones sociales de la escuela: de la reproducción a la reconstrucción crítica del conocimiento y la experiencia / Ángel Pérez Gómez - 2. Los procesos de enseñanza-aprendizaje: análisis didáctico de las principales teorías del aprendizaje / Ángel Pérez Gómez - 3. El aprendizaje escolar: de la didáctica operatoria a la reconstrucción de la cultura en el aula / Ángel Pérez Gómez - 4. Enseñanza para la comprensión / Ángel Pérez Gómez - 5. Comprender la enseñanza en la escuela. Modelos metodológicos de investigación educativa / Ángel Pérez Gómez - 6. El curriculum: ¿Los contenidos de la enseñanza o un análisis de la práctica? / Gimeno Sacristán - 7. ¿Qué son los contenidos de la enseñanza? / Gimeno Sacristán - 8. Diseño del curriculum, diseño de la enseñanza. El papel de los profesores / Gimeno Sacristán - 9. Ámbitos de diseño / Gimeno Sacristán - 10. La evaluación en la enseñanza / Gimeno Sacristán - 11. La función y formación del profesor/a en la enseñanza para la comprensión. Diferentes perspectivas / Ángel Pérez Gómez.
590 ## - LOCAL NOTE (RLIN)
Local note niveau_biblio:m niveau_hierar:0
700 1# - ADDED ENTRY--PERSONAL NAME
Personal name Pérez Gómez, Angel I.
942 ## - ADDED ENTRY ELEMENTS (KOHA)
Koha item type
Existencias
Withdrawn status Lost status Damaged status Not for loan Home library Current library Shelving location Date acquired Total checkouts Full call number Barcode Date last seen Price effective from Koha item type
        Biblioteca Prof. Eusebio Cleto del Rey Biblioteca Prof. Eusebio Cleto del Rey   07/04/2026   37.02 G491 6ed. L70355 07/04/2026 07/04/2026 Libro
        Biblioteca Prof. Eusebio Cleto del Rey Biblioteca Prof. Eusebio Cleto del Rey   07/04/2026   37.02 G491 6ed. L70404 07/04/2026 07/04/2026 Libro
        Biblioteca Prof. Eusebio Cleto del Rey Biblioteca Prof. Eusebio Cleto del Rey   07/04/2026   37.02 G491 6ed. L70405 07/04/2026 07/04/2026 Libro